| 000 | 00490nam a22001817a 4500 | ||
|---|---|---|---|
| 005 | 20250805115121.0 | ||
| 008 | 250805b |||||||| |||| 00| 0 eng d | ||
| 020 | _a9788198526847 | ||
| 041 | _aEnglish | ||
| 082 | _a347.077 AIR | ||
| 100 | _aAIR | ||
| 245 |
_aPractical Approach to Law of Injunctions: _bConcepts, Principles, Procedure and Practice |
||
| 250 | _a1st | ||
| 260 |
_aNagpur, _bAll India Reporter, _c2025 |
||
| 300 | _a491 p | ||
| 650 | _a Law of Injunctions | ||
| 942 | _cDB | ||
| 999 |
_c9021 _d9021 |
||